• 首页
  • 本馆介绍
  • 公告通知
  • 最新文献
  • 馆藏检索
  • 电子资源
  • 读者导购
  • 参考咨询
  • 我的图书馆
  • 登录
  • 详细信息显示
  • 放入我的书架
  • 预约/预借图书
  • 作者相关作品
  • 分类相关作品
  • 丛书相关作品
  • 出版社相关作品

书目信息

  • 表格格式
  • 工作单格式
  • 卡片格式
题名:
中国军事战略问题研究
    
 
作者: 彭光谦
分册:  
出版信息: 北京   解放军出版社  2005
页数: 367
开本: 20 cm
丛书名: 当代中国军事学资深学者学术精品丛书
单 册:
中图分类: E2
科图分类:
主题词: 军事--中国
电子资源:
ISBN: 7-5065-5118-7
000 00625nam0 2200205 450
001 0735257515
005 20070904094737.51
010    @a7-5065-5118-7@d28
100    @a20070904d km y0chiy0120 ea
101 0  @achi
200 1  @a中国军事战略问题研究@Azhong guo jun shi zhan lue wen ti yan jiu@f彭光谦@Fpeng guang qian
210    @a北京@c解放军出版社@d2005
215    @a367@d20 cm
225 2  @a当代中国军事学资深学者学术精品丛书
410  0 @12001 @a当代中国军事学资深学者学术精品丛书
606 0  @a军事@x中国
690    @aE2@v3
701  0 @a彭光谦@Apeng guang qian
801  0 @aCN@bPFT@c20070904
905    @a213230@dE2@ea1@f1
    
    中国军事战略问题研究/彭光谦.-北京:解放军出版社,2005
    367;20 cm.-(当代中国军事学资深学者学术精品丛书)
    
    
    ISBN 7-5065-5118-7:28
    
●
相关链接 在E读中查询图书 在五车中查询图书 在当当中查询图书 在豆瓣中查询图书


正题名:中国军事战略问题研究     索取号:E2/a1         预约/预借

序号 登录号 条形码 馆藏地/架位号 状态 备注
1 7502409   275024091   密集书库-史法系/ [索取号:E2/a1] 在馆    
唐山师范学院图书馆 欢迎您!
大连网信软件有限公司© 版权所有